000 00555nmm a2200169Ia 4500
008 251105s9999||||xx |||||||||||||||||und||
020 _a9788416933969
041 _aspa
100 _aArmenteros Muñoz de Laborde, Carolina
245 0 _aLa idea francesa de la historia: Joseph de Maistre y sus herederos
264 _a[Madrid, España] :
_bPrensas Universitarias de Zaragoza,
_c2018
300 _a426 páginas
490 _aCiencias sociales
650 _aHistory of Europe
856 _uhttps://public.digitaliapublishing.com/a/59278
942 _cCF
999 _c78154
_d78154